China and beyond in the mediaeval period : (Record no. 104588)

MARC details
000 -LEADER
fixed length control field 00740nam a22002177a 4500
005 - DATE AND TIME OF LATEST TRANSACTION
control field 20161111105630.0
010 ## - LCCN (DPL NO)
LC control number ENG-116519
020 ## - INTERNATIONAL STANDARD BOOK NUMBER
International Standard Book Number 9781604978568
Terms of availability 1500.00
035 ## - SYSTEM CONTROL NUMBER
System control number EN-100051
037 ## - SOURCE OF ACQUISITION
Source of stock number/acquisition DBAD/PUB
082 ## - DEWEY DECIMAL CLASSIFICATION NUMBER
Classification number 328.54
245 ## - TITLE STATEMENT
Title China and beyond in the mediaeval period :
Statement of responsibility, etc edited by Dorothy C., Wong [and] Gustav Heldt
Remainder of title cultural crossings and inter-regional connections /
260 ## - PUBLICATION, DISTRIBUTION, ETC. (IMPRINT)
Place of publication, distribution, etc New Delhi
Name of publisher, distributor, etc Manohar Publisher & Distributors
Date of publication, distribution, etc 2014
270 ## - ADDRESS
Address 4753/23 Ansari Road,Daryaganj
City New Delhi
Postal code 110002
300 ## - PHYSICAL DESCRIPTION
Extent 443p.:
Dimensions 22cm (Hb)
Other physical details ill (maps)
500 ## - GENERAL NOTE
General note Includes index
700 ## - ADDED ENTRY--PERSONAL NAME
Personal name Dorothy C.
700 ## - ADDED ENTRY--PERSONAL NAME
Personal name Wong
700 ## - ADDED ENTRY--PERSONAL NAME
Personal name Heldt,Gustav
942 ## - ADDED ENTRY ELEMENTS (KOHA)
Source of classification or shelving scheme Dewey Decimal Classification
Item type English Books
Classification part 303.4825100902
Call number suffix CHI
Holdings
Withdrawn status Lost status Not for loan Collection code Home library Current library Date acquired Source of acquisition Cost, normal purchase price Full call number Barcode Copy number Cost, replacement price Koha item type
      Non-fiction Shahdara Branch Shahdara Branch 10/11/2016 DBAD/PUB 3500.00 303.4825100902 CHI EN-100051 1 3500.00 English Books

© Delhi Public Library
Hit Counter
free hit counter